Normal view
MARC view
Entry Personal Name
001 - CONTROL NUMBER
- control field: 60308
003 - CONTROL NUMBER IDENTIFIER
- control field: OSt
005 - DATE AND TIME OF LATEST TRANSACTION
- control field: 20260429122801.0
008 - FIXED-LENGTH DATA ELEMENTS
- fixed length control field: 260429|| aca||aabn | a|a d
040 ## - CATALOGING SOURCE
- Original cataloging agency: OSt
- Transcribing agency: OSt
100 ## - HEADING--PERSONAL NAME
- Personal name: Kumar, Rahul and Tripati Rao, D.
670 ## - SOURCE DATA FOUND
- Source citation: Work cat.: (OSt): Kumar, Rahul and Tripati Rao, D., Unpacking the black box: Heterogeneous impact of monetary policy shocks on sectoral output in INDIA
